书目信息 |
| 题名: |
列宁全集索引
|
|
| 作者: | ;中共中央马恩列斯著作编译局 译 | |
| 分册: | 第1-35卷 | |
| 出版信息: | 北京 人民出版社 1984 |
|
| 页数: | 505页 | |
| 开本: | 19cm | |
| 丛书名: | ||
| 单 册: | ||
| 中图分类: | A823 | |
| 科图分类: | ||
| 主题词: | 列宁著作研究--索引 | |
| 电子资源: | ||
| ISBN: | ||
| 000 | 00667nam0 2200217 45 | |
| 001 | 0184011715 | |
| 005 | 20070730105642.06 | |
| 010 | @b精装@dCNY3.00 | |
| 091 | @a17001.82 | |
| 100 | @a19960215d1984 em y0chiy0121 ea | |
| 101 | 1 | @achi |
| 102 | @aCN@b110000 | |
| 105 | @ay c 000yy | |
| 200 | 10 | @a列宁全集索引@Alie ning quan ji suo yin@h第1-35卷@h下册@f中共中央马恩列斯著作编译局译@FZhong Gong Zhong Yang Ma En Lie Si Zhu Zuo Bian Yi Ju Yi |
| 210 | @a北京@c人民出版社@d1984 | |
| 215 | @a505页@d19cm | |
| 606 | @a列宁著作研究@x索引 | |
| 690 | @aA823@v3 | |
| 711 | 02 | @a中共中央马恩列斯著作编译局@4译 |
| 801 | 0 | @aCN@bNLC@c20070730 |
| 905 | @f1@b146131@dA823@e7:2 | |
| 列宁全集索引.第1-35卷.下册/中共中央马恩列斯著作编译局译.-北京:人民出版社,1984 |
| 505页;19cm |
| ISBN (精装):CNY3.00 |
| ● |
| 相关链接 |
|
|
|
|
正题名:列宁全集索引
索取号:A823/7:2
 
预约/预借
| 序号 | 登录号 | 条形码 | 馆藏地/架位号 | 状态 | 备注 |
| 1 | 0146131 | 000959886 | 密集书库/ [索取号:A823/7:2] | 在馆 | |
| 2 | 0146132 | 002047591 | 第一样本阅览室/ [索取号:A823/7:2] | 在馆 | |
| 3 | 0787236 | 207872364 | 密集书库/ [索取号:A823/7:2] | 在馆 |